Mây cuối chân trời

Сохранить в:
Библиографические подробности
Главный автор: Nguyễn Trọng Oánh
Формат:
Язык:Undetermined
Опубликовано: Hà Nội QĐND 2004
Предметы:
Метки: Добавить метку
Нет меток, Требуется 1-ая метка записи!
Thư viện lưu trữ: Trung tâm Học liệu Trường Đại học Cần Thơ
LEADER 00514nam a2200193Ia 4500
001 CTU_62206
008 210402s9999 xx 000 0 und d
020 |b 40000 
082 |a 895.922334 
082 |b O.408 
100 |a Nguyễn Trọng Oánh 
245 0 |a Mây cuối chân trời 
245 0 |c Nguyễn Trọng Oánh 
260 |a Hà Nội 
260 |b QĐND 
260 |c 2004 
650 |a vietnamese fiction 
904 |i Minh 
980 |a Trung tâm Học liệu Trường Đại học Cần Thơ